000 01063nam a2200325 i 4500
001 47901
003 ES-MaACL
005 20230906161647.0
007 t|
008 030625s2002 sp ||||0| spa j
020 _a84-8444-571-2
040 _aM-BN
_bspa
_cM-BN
080 _a1 William of Ockham
080 _a1 Fodor, Jerry A
080 _a81:1
080 _a81'23
100 1 _aFlórez, Alfonso.
_951303
245 1 3 _aLa filosofía del lenguaje de Ockham
_b: exposición crítica e interpretación cognitiva /
_cAlfonso Flórez.
260 _aAlbolote (Granada) :
_bComares,
_c2002.
300 _aXVII, 325 p ;
_c22 cm.
490 1 _aFilosofía hoy ;
_v20
504 _aBibliografía: p. [299]-325.
600 1 4 _aWilliam of Ockham-
_xCrítica e interpretación.
_9116905
600 1 4 _aFodor, Jerry A.-
_xCrítica e interpretación.
_951395
650 4 _aLenguaje-
_xFilosofía.
_914344
650 1 4 _aPsicolingüística.
_916539
830 0 _aFilosofía hoy ;
_v20
_9182438
852 _aES-MaACL
_jL-26459
_bR.132028
999 _c47901
_d47901